Godliness is profitable. (Record no. 12617)

000 -LEADER
fixed length control field 00883nam a2200229 a 4500
001 - CONTROL NUMBER
control field :::00010426$&:&@@
003 - CONTROL NUMBER IDENTIFIER
control field OkBaRHE
005 - DATE AND TIME OF LATEST TRANSACTION
control field 20110401155057.0
008 - FIXED-LENGTH DATA ELEMENTS--GENERAL INFORMATION
fixed length control field s1982 g 000 0 eng u
020 ## - INTERNATIONAL STANDARD BOOK NUMBER
International Standard Book Number 089276256X
040 ## - CATALOGING SOURCE
Transcribing agency
100 1# - MAIN ENTRY--PERSONAL NAME
Personal name Hagin, Kenneth E., 1917-2003
245 10 - TITLE STATEMENT
Title Godliness is profitable.
260 ## - PUBLICATION, DISTRIBUTION, ETC. (IMPRINT)
Place of publication, distribution, etc Tulsa, OK., :
Name of publisher, distributor, etc RHEMA Bible Church
Date of publication, distribution, etc c1982
300 ## - PHYSICAL DESCRIPTION
Extent 29 p. ;
Dimensions 14 cm.
650 ## - SUBJECT ADDED ENTRY--TOPICAL TERM
Topical term or geographic name as entry element Christian Life
942 ## - ADDED ENTRY ELEMENTS (KOHA)
Source of classification or shelving scheme
Koha item type Books
Copies
Price effective from Collection code Shelving location Full call number Copy number Lost status Date acquired Withdrawn status Current Location Not for loan Source of classification or shelving scheme Barcode Damaged status Date last seen Koha item type Permanent Location
2010-04-14 General StacksBV 4501 .H31 2010-04-14    10426 2010-04-14BooksRHEMA Bible Training College
2010-04-14 General StacksBV 4501 .H32 2010-04-14    14686 2010-04-14BooksRHEMA Bible Training College
2011-04-01ReferenceGeneral StacksBV 4501 .H33 2011-04-01 RHEMA Bible Training College  17250 2011-04-01BooksRHEMA Bible Training College
2011-04-01 General StacksBV 4501 .H34 2011-04-01 RHEMA Bible Training College  21605 2011-04-01BooksRHEMA Bible Training College